| 000 | 00462nam a2200181 a 4500 | ||
|---|---|---|---|
| 001 | 1764137133131 | ||
| 003 | YourLibrary | ||
| 005 | 20251126113706.0 | ||
| 008 | 251126s2008##################000#0#eng## | ||
| 020 | _a9781405160629 | ||
| 082 | 0 | 4 |
_a616.0277 _bGRU |
| 100 | 1 |
_aGruen, Lori, _eauthor. |
|
| 245 | 1 | 0 | _aStem Cell Research : |
| 260 |
_bWiley-Blackwell, _c2008. |
||
| 650 | 0 | _aPhilosophy. | |
| 942 | _cENGLISH | ||
| 040 |
_aYourLibrary _beng _cYourLibrary |
||
| 999 |
_c598917 _d598917 |
||